000 00624nam a2200277Ia 4500
005 20260324112159.0
008 008 260324s9999 xx 000 0 eng d
020 _a9781003366867
037 _aEBOOK
040 _aCRL
040 _beng
040 _cCRL
041 _2eng
041 _aeng
084 _qCRL
100 _aHuimei Liu
_91141623
245 0 _aLeisure and Work in China
260 _bTaylor and Francis
260 _c2024
365 _a
365 _b230
856 _uhttp://www.taylorfrancis.com/books/9781003366867
942 _cEBOOK
999 _c1730738
_d1730738